When Were They Born? Click Quiz #2 - Statistics

General Stats
  • This quiz has been taken 53 times
  • The average score is 11 of 30
Answer Stats
Hint Answer % Correct
Adolf Hitler 19th
73%
Michael Jackson 20th
70%
William Shakespeare 16th
64%
Nelson Mandela 20th
64%
George Washington 18th
61%
Christopher Columbus 15th
52%
Albert Einstein 19th
52%
William the Conqueror 11th
48%
Wolfgang Amadeus Mozart 18th
48%
Napoleon Bonaparte 18th
48%
Vincent van Gogh 19th
39%
Leonardo da Vinci 15th
36%
Galileo Galilei 16th
36%
Isaac Newton 17th
33%
Johann Sebastian Bach 17th
33%
Salvador Dalí 20th
30%
Dante Alighieri 13th
27%
Michelangelo 15th
27%
Miguel de Cervantes 16th
27%
Rembrandt van Rijn 17th
27%
Genghis Khan 12th
24%
Hildegard of Bingen 11th
21%
Saladin 12th
21%
Marco Polo 13th
21%
Omar Khayyam 11th
18%
Timur 14th
15%
Fibonacci 12th
12%
Thomas Aquinas 13th
12%
Geoffrey Chaucer 14th
9%
Johannes Gutenberg 14th
6%
No matching quizzes found
Score Distribution
Percent of People with Each Score
Percentile by Number Answered
Your Score History
You have not taken this quiz